Применение геохимии бора в изучении нефтегазоносных бассейнов; Особенности технологии геохимических методов поисков месторождений нефти и газа

Dades bibliogràfiques
Parent link:Особенности технологии геохимических методов поисков месторождений нефти и газа.— 1990.— С. 38
Autor principal: Столбова Н. Ф. Нэля Фeдоровна
Altres autors: Шаминова М. И. Марина Ивановна
Sumari:В фонде НТБ ТПУ отсутствует
Idioma:rus
Publicat: 1990
Matèries:
Format: MixedMaterials Capítol de llibre
KOHA link:https://koha.lib.tpu.ru/cgi-bin/koha/opac-detail.pl?biblionumber=596854

MARC

LEADER 00000naa0a2200000 4500
001 596854
005 20250123171527.0
035 |a (RuTPU)RU\TPU\tpu\19903 
035 |a RU\TPU\tpu\19901 
090 |a 596854 
100 |a 20110831d1990 k||y0rusy50 ca 
101 0 |a rus 
102 |a RU 
200 1 |a Применение геохимии бора в изучении нефтегазоносных бассейнов  |f Н. Ф. Столбова, М. И. Шаминова 
333 |a В фонде НТБ ТПУ отсутствует 
463 |t Особенности технологии геохимических методов поисков месторождений нефти и газа  |v С. 38  |o тез. докл. шк.-семинара (Алма-Ата, 24-26 сент. 1990)  |d 1990 
610 1 |a труды учёных ТПУ 
700 1 |a Столбова  |b Н. Ф.  |c российский геолог  |c доцент Томского политехнического университета  |f 1940-  |g Нэля Фeдоровна  |3 (RuTPU)RU\TPU\pers\26073  |4 070 
701 1 |a Шаминова  |b М. И.  |c российский геолог  |c доцент Томского политехнического университета, кандидат геолого-минералогических наук  |f 1955-  |g Марина Ивановна  |3 (RuTPU)RU\TPU\pers\26061  |4 070  |9 11899 
801 1 |a RU  |b 63413507  |c 20100409 
801 2 |a RU  |b 63413507  |c 20110831  |g RCR 
942 |c BK